ნორმალური ფორმატი
MARC ფორმატი
ჩანაწერი Topical Term
ჩანაწერთა რაოდენობა, რომელიც გამოყენებულია: 2
001 - CONTROL NUMBER
- control field: 14351
003 - CONTROL NUMBER IDENTIFIER
- control field: GE_BSU
005 - DATE AND TIME OF LATEST TRANSACTION
- control field: 20220711121702.0
008 - FIXED-LENGTH DATA ELEMENTS
- fixed length control field: 220711|| aca||aabn | a|a d
040 ## - CATALOGING SOURCE
- Original cataloging agency: GE_BSU
- Transcribing agency: GE_BSU
150 ## - HEADING--TOPICAL TERM
- Topical term or geographic name entry element: ალგებრული ტოპოლოგია.
670 ## - SOURCE DATA FOUND
- Source citation: Work cat.: (GE_BSU)58732: Spanier, Edwin Henry, 1921- 14349, Algebraic topology /, [1966]
